Zákon o pomoci v hmotnej núdzi

Zákon č. 599/2003 Z.z. o pomoci v hmotnej núdzi, upravuje právne vzťahy pri posudzovaní hmotnej núdze občana a poskytovania dávky v hmotnej núdzi a príspevkov k dávke s účinnosťou od 1.1. 2004.

Na minha lista:
Detalhes bibliográficos
Autor principal: Zemaník, Peter
Formato: Capítulo de Livro
Idioma:eslovaco
Assuntos:
Tags: Adicionar Tag
Sem tags, seja o primeiro a adicionar uma tag!

MARC

LEADER 00000naa$a2200000$$$4500
001 0007217
005 20231003110502.1
041 0 |a slo 
044 |a SK 
245 1 0 |a Zákon o pomoci v hmotnej núdzi  |c aut. Peter Zemaník 
520 |a Zákon č. 599/2003 Z.z. o pomoci v hmotnej núdzi, upravuje právne vzťahy pri posudzovaní hmotnej núdze občana a poskytovania dávky v hmotnej núdzi a príspevkov k dávke s účinnosťou od 1.1. 2004. 
610 2 0 |a núdza hmotná 
610 2 0 |a zákony 
610 2 0 |a Slovensko 
610 2 0 |a komentáre 
100 1 |a Zemaník, Peter